书目信息 |
| 题名: |
防卫技巧
|
|
| 作者: | 格莉妮丝·布雷克韦尔著 ;杨韶刚 译 | |
| 分册: | ||
| 出版信息: | 北京 商务印书馆 2000.01 |
|
| 页数: | 135页 | |
| 开本: | 20cm | |
| 丛书名: | ||
| 单 册: | ||
| 中图分类: | C913.9 | |
| 科图分类: | ||
| 主题词: | 社会生活 , 社会问题 | |
| 电子资源: | ||
| ISBN: | 7-100-02997-X | |
| 000 | 00718nam0 2200217 450 | |
| 001 | 1435047577 | |
| 005 | 20141103094507.39 | |
| 010 | @a7-100-02997-X@dCNY8.50 | |
| 100 | @a20141103d2000 km y0chiy0120 ea | |
| 101 | 0 | @achi |
| 102 | @aCN@b110000 | |
| 200 | 1 | @a防卫技巧@Afang wei ji qiao@f(英)格莉妮丝·布雷克韦尔著 ; 杨韶刚译@F(ying)ge li ni si·bu lei ke wei er zhu;yang shao gang yi |
| 210 | @a北京@c商务印书馆@d2000.01 | |
| 215 | @a135页@d20cm | |
| 606 | 0 | @a社会生活 |
| 606 | 0 | @a社会问题 |
| 690 | @aC913.9@v4 | |
| 701 | 0 | @a格莉妮丝·布雷克韦尔著@Age li ni si·bu lei ke wei er zhu |
| 702 | 0 | @a杨韶刚@Ayang shao gang@4译 |
| 801 | 0 | @aCN@b大连网信软件有限公司图书馆·11@c20141103 |
| 905 | @aZUCC@dC913.9@eG277 | |
| 防卫技巧/(英)格莉妮丝·布雷克韦尔著 ; 杨韶刚译.-北京:商务印书馆,2000.01 |
| 135页;20cm |
| ISBN 7-100-02997-X:CNY8.50 |
| ● |
| 相关链接 |
|
|
|
正题名:防卫技巧
索取号:C913.9/G277
 
预约/预借
| 序号 | 登录号 | 条形码 | 馆藏地/架位号 | 状态 | 备注 |
| 1 | 86050 | 200860504 | 社科库509/509社科库 62排6列5层/ [索取号:C913.9/G277] | 在馆 | |
| 2 | 86051 | 200860513 | 社科库509/509社科库 62排6列5层/ [索取号:C913.9/G277] | 在馆 | |
| 3 | 86052 | 200860522 | 社科库509/509社科库 62排6列5层/ [索取号:C913.9/G277] | 在馆 | |
| 4 | 86053 | 200860531 | 社科库509/509社科库 62排6列5层/ [索取号:C913.9/G277] | 在馆 | |
| 5 | 86054 | 200860540 | 社科库509/509社科库 62排6列5层/ [索取号:C913.9/G277] | 在馆 |